|
|
|
|
| LEADER |
01192nam a2200325 a 4500 |
| 001 |
000540238 |
| 003 |
CZ BrMZK |
| 005 |
20080922094054.0 |
| 007 |
ta |
| 008 |
000115s2000 xr e f 000 0 cze d |
| 015 |
|
|
|a cnb000982990
|
| 020 |
|
|
|a 80-7271-061-3
|
| 035 |
|
|
|a (OCoLC)46964494
|
| 040 |
|
|
|a BOA001
|b cze
|
| 072 |
|
7 |
|a 631
|x Zemědělství. Pedologie. Agrotechnika. Agroekologie
|2 Konspekt
|9 24
|
| 080 |
|
|
|a 631.811
|2 MRF
|
| 080 |
|
|
|a (036)
|2 MRF
|
| 100 |
1 |
|
|a Klír, Jan,
|d 1955-
|7 jo20000080433
|4 aut
|
| 245 |
1 |
0 |
|a Bilance rostlinných živin =
|b Nutrient balances in agriculture /
|c Jan Klír
|
| 246 |
3 |
1 |
|a Nutrient balances in agriculture
|
| 260 |
|
|
|a Praha :
|b Ústav zemědělských a potravinářských informací,
|c 2000
|
| 300 |
|
|
|a 43, [15] s. ;
|c 21 cm
|
| 490 |
1 |
|
|a Studijní informace. Rostlinná výroba ;
|v č. 7/1999
|
| 504 |
|
|
|a Obsahuje bibliografii
|
| 650 |
0 |
7 |
|a výživa rostlin
|7 ph127488
|2 czenas
|
| 655 |
|
7 |
|a informační publikace
|7 fd132454
|2 czenas
|
| 830 |
|
0 |
|a Studijní informace.
|p Rostlinná výroba
|
| 910 |
|
|
|a BOA001
|b 2-1079.257
|
| 990 |
|
|
|a BK
|
| 996 |
6 |
|
|b 2610124931
|c 2-1079.257
|l MZK
|r Sklad / do 1 hodiny
|n 8
|p p.v.
|w 000540238
|u 000010
|a 1
|e BOA001
|j MZK50
|s P
|